RELIGIONI E SETTE NEL MONDO. GIUGNO 1997. CULTURA RELIGIOSA. REINCARNAZIONE E MESSAGGIO CRISTIANO. (Record n. 334376)

Dettagli MARC
000 -LEADER
fixed length control field 02111nas a2200277Ia 4500
001 - CONTROL NUMBER
control field L200-53886
003 - CONTROL NUMBER IDENTIFIER
control field IT-CnALBA
008 - FIXED-LENGTH DATA ELEMENTS--GENERAL INFORMATION
fixed length control field 170116c99999999xx |||||||||||| ||und||
040 ## - CATALOGING SOURCE
Original cataloging agency IT-CnALBA
Transcribing agency IT-CnALBA
041 ## - LANGUAGE CODE
Language code of text/sound track or separate title ITALIANO
999 ## - SYSTEM CONTROL NUMBERS (KOHA)
Koha Dewey Subclass [OBSOLETE] NO
100 ## - MAIN ENTRY--PERSONAL NAME
Personal name ARINZE FRANCIS, CARDINALE
210 ## - ABBREVIATED TITLE
Abbreviated title RELIGIONI E SETTE NEL MONDO
222 ## - KEY TITLE
Key title RELIGIONI E SETTE NEL MONDO
245 #0 - TITLE STATEMENT
Title RELIGIONI E SETTE NEL MONDO. GIUGNO 1997. CULTURA RELIGIOSA. REINCARNAZIONE E MESSAGGIO CRISTIANO.
250 ## - EDITION STATEMENT
Edition statement 1a ed.
260 ## - PUBLICATION, DISTRIBUTION, ETC. (IMPRINT)
Place of publication, distribution, etc. BOLOGNA
Name of publisher, distributor, etc. GRIS, GRUPPO RIC. INFORMAZ. SETTE
Date of publication, distribution, etc. 1997 [1° Ed.:1997 - Ed.Ling.Originale: 1997]
300 ## - PHYSICAL DESCRIPTION
Extent 224 p.
310 ## - CURRENT PUBLICATION FREQUENCY
Current publication frequency VARIA
362 ## - DATES OF PUBLICATION AND/OR SEQUENTIAL DESIGNATION
Dates of publication and/or sequential designation (1997)
500 ## - GENERAL NOTE
General note RISPOSTA CRISTIANA ALLA REINCARNAZIONE. REINCARNAZIONE E MESSAGGIO CRISTIANO. IL LIBRO TIBETANO DEI MORTI. COUTURE A. GESÙ GLI ESSENI E LA REINCARNAZIONE, TOOLAN D. ABBRACCIATI ALLA LUCE, NKEMNKIA NKAFU M. LA VISIONE TRADIZIONALE AFRICANA DELLA VITA. RAFFIN P. LA RISURREZIONE DEI CORPI FONDAMENTO DELL'IDENTITÀ CRISTIANA. AMBOSIO G. RISPOSTE PASTORALI DEL MAGISTERO EPISCOPALE. RIES J. SETTE E NUOVI MOVIMENTI RELIGIOSI DAVANTI ALLA COMMISSIONE PARLAMENTARE BELGA. FATTI E OPINIONI, SETTE E MOVIMENTI RELIGIOSI, SFIDA ALLA NUOVA EVANGELIZZAZIONE IN AFRICA. RECENSIONI, SEGNALAZIONI, SOMMARI IN INGLESE.
501 ## - WITH NOTE
With note Società San Paolo EM - Piazza San Paolo, 14 - 12051 ALBA (CN) (non commercial uses only) ® Copyright 2017
520 ## - SUMMARY, ETC.
Summary, etc. RISPOSTA CRISTIANA ALLA REINCARNAZIONE. REINCARNAZIONE E MESSAGGIO CRISTIANO. IL LIBRO TIBETANO DEI MORTI. COUTURE A. GESÙ GLI ESSENI E LA REINCARNAZIONE, TOOLAN D. ABBRACCIATI ALLA LUCE, NKEMNKIA NKAFU M. LA VISIONE TRADIZIONALE AFRICANA DELLA VITA. RAFFIN P. LA RISURREZIONE DEI CORPI FONDAMENTO DELL'IDENTITÀ CRISTIANA. AMBOSIO G. RISPOSTE PASTORALI DEL MAGISTERO EPISCOPALE. RIES J. SETTE E NUOVI MOVIMENTI RELIGIOSI DAVANTI ALLA COMMISSIONE PARLAMENTARE BELGA. FATTI E OPINIONI, SETTE E MOVIMENTI RELIGIOSI, SFIDA ALLA NUOVA EVANGELIZZAZIONE IN AFRICA. RECENSIONI, SEGNALAZIONI, SOMMARI IN INGLESE.
650 ## - SUBJECT ADDED ENTRY--TOPICAL TERM
Topical term or geographic name as entry element RELIGIONI NON CRISTIANE
942 ## - ADDED ENTRY ELEMENTS (KOHA)
Koha item type RIVISTA
957 ## -
-- 1
999 ## - SYSTEM CONTROL NUMBERS (KOHA)
-- 1
Dati di copia
Withdrawn status Lost status Damaged status Not for loan Home library Current library Date acquired Total Checkouts Full call number Date last seen Price effective from Koha item type Public note
    Buone Condizioni Not For Loan ALBA - Biblioteca ALBA - Biblioteca 16/01/2017   L200-53886 16/01/2017 16/01/2017 RIVISTA (data import: 16 gennaio 2017) - By Epidotti, Vaglietti.
CREDITS: SOCIETA' SAN PAOLO Via A.Severo, 58 - ROMA (RM) & PERIODICI SAN PAOLO SRL Via Giotto, 36 MILANO & CISF Via Giotto, 36 MILANO & EDIZIONI SAN PAOLO SRL,  Piazza Soncino, 5 CINISELLO BALSAMO (MI) -- ITALY